000 00988nam a22003017a 4500
001 7154
003 FISKH
005 20250630105939.0
008 250630b cb ||||| |||| 00| 0 eng d
020 _a9780439597661
040 _aFISKH
_beng
_cFISKH
_dFISKH
050 _a PZ7.L32394 S
082 _a328
100 _aLarson, Kirby
_d(1954-)
245 _aSecond-grade pig pals /
_cKirby Larson ; Drawings by Nancy Poydar
250 _aThis edition first published in 2003
260 _aNew York :
_bScholastic,
_c1994
300 _a86 pages :
_billustrator
_c20 cm
505 _aR
520 _aSecond grader Quinn tries to earn a gold star on the bulletin board for National Pig Day and regain her friendship with a new student following a mix-up.
521 8 _a580
_bLexile
521 8 _aR
_bRaz-Plus
650 _2Pigs
_aRealistic fiction
650 _2Grade 2
_aThe Whipping Boy
700 _aPoydar, Kirby
_dillustrator
942 _2ddc
_cBK
_n0
999 _c7154
_d7154